Rośliny objęte ochroną całkowitą - Statystyki

Ogólne statystyki
  • Ten quiz został rozwiązany 18 razy
  • Średni wynik to 27 z 297
Statystyki odpowiedzi
Rodzina % Poprawnych
liliowate lilia złotogłów
50%
długoszowate długosz królewski
42%
storczykowate obuwik pospolity
42%
złożone arnika górska
33%
rosiczkowate rosiczka długolistna
33%
rosiczkowate rosiczka okrągłolistna
33%
złożone szarotka alpejska
33%
brzozowate brzoza karłowata
25%
brzozowate brzoza ojcowska
25%
storczykowate dwulistnik muszy
25%
kosaćcowate kosaciec syberyjski
25%
kotewkowate kotewka orzech wodny
25%
kosaćcowate mieczyk błotny
25%
poryblinowate poryblin jeziorny
25%
salwinowate salwinia pływająca
25%
storczykowate storczyk męski
25%
storczykowate storzan bezlistny
25%
jaskrowate tojad (Aconitum lycoctonum)
25%
krzyżowe warzucha polska
25%
zmienkowate zmienka górska
25%
rosiczkowate aldrowanda pęcherzykowata
17%
babkowate babka nadmorska (b. morska)
17%
bagnicowate bagnica torfowa
17%
brzozowate brzoza niska
17%
storczykowate buławnik czerwony
17%
storczykowate buławnik mieczolistny
17%
wrzosowate chamedafne północna
17%
marsyliowate gałuszka kulecznica
17%
trędownikowate gnidosz królewski
17%
trędownikowate gnidosz sudecki
17%
storczykowate gółka wonna
17%
goryczkowate goryczka kropkowana
17%
goździkowate goździk pyszny
17%
bobrkowate grzybieńczyk wodny
17%
różowate jarząb brekinia (brzęk)
17%
różowate jarząb szwedzki
17%
zanokcicowate języcznik zwyczajny
17%
kłokoczkowate kłokoczka południowa
17%
kosaćcowate kosaciec bezlistny
17%
storczykowate kruszczyk błotny
17%
storczykowate kukułka bzowa
17%
storczykowate kukułka Fuchsa
17%
storczykowate kukułka Ruthego
17%
sandałowcowate leniec alpejski
17%
lobeliowate lobelia jeziorna
17%
różowate malina moroszka
17%
marsyliowate marsylia czterolistna
17%
kosaćcowate mieczyk dachówkowaty
17%
baldaszkowate mikołajek nadmorski
17%
jaskrowate miłek wiosenny
17%
nasięźrzałowate nasięźrzał pospolity
17%
obrazkowate obrazki plamiste
17%
pierwiosnkowate pierwiosnek (pierwiosnka) bezłodygowy
17%
pierwiosnkowate pierwiosnek (pierwiosnka) łyszczak
17%
pierwiosnkowate pierwiosnek (pierwiosnka) maleńki
17%
pływaczowate pływacz drobny (pływacz mniejszy)
17%
pływaczowate pływacz (Utricularia stygia)
17%
nasięźrzałowate podejźrzon księżycowy
17%
poryblinowate poryblin kolczasty
17%
storczykowate potrostek alpejski
17%
krzyżowe pszonak pieniński
17%
gruboszowate rojnik górski
17%
rosiczkowate rosiczka pośrednia
17%
wrzosowate różanecznik żółty
17%
jaskrowate sasanka alpejska
17%
skalnicowate skalnica darniowa bazaltowa
17%
komosowate soliród zielny
17%
sosnowate sosna błotna
17%
storczykowate storczyk samiczy
17%
liliowate szachownica kostkowata
17%
pływaczowate tłustosz alpejski
17%
pływaczowate tłustosz pospolity
17%
jaskrowate tojad mocny
17%
krzyżowe warzucha tatrzańska
17%
wawrzynkowate wawrzynek główkowy
17%
widłakowate widlicz (widłak) alpejski
17%
wielosiłowate wielosił błękitny
17%
wierzbowate wierzba borówkolistna
17%
wierzbowate wierzba lapońska
17%
wilczomleczowate wilczomlecz (ostromlecz) pstry
17%
woskownicowate woskownica europejska
17%
wrzosowate wrzosiec bagienny
17%
zanokcicowate zanokcica serpentynowa
17%
storczykowate żłobik koralowy
17%
zosterowate zostera morska
17%
złożone aster gawędka
8%
złożone aster solny
8%
babkowate babka górska
8%
storczykowate buławnik wielkokwiatowy
8%
złożone chryzantema (złocień) Zawadzkiego
8%
turzycowate cibora żółta
8%
jaskrowate ciemiernik czerwonawy (ciemiernik purpurowy)
8%
liliowate ciemiężyca (ciemierzyca) biała
8%
liliowate ciemiężyca (ciemierzyca) czarna
8%
baldaszkowate cieszynianka wiosenna
8%
pierwiosnkowate cyklamen purpurowy
8%
szczeciowate czarcikęsik Kluka
8%
liliowate czosnek syberyjski
8%
rutowate dyptam jesionolistny
8%
dziurawcowate dziurawiec nadobny
8%
dzwonkowate dzwonecznik wonny
8%
dzwonkowate dzwonek brodaty
8%
dzwonkowate dzwonek karkonoski
8%
dzwonkowate dzwonek syberyjski
8%
żabieńcowate elisma wodna
8%
fiołkowate fiołek bagienny
8%
fiołkowate fiołek torfowy
8%
trędownikowate gnidosz dwubarwny
8%
trędownikowate gnidosz Hacqueta
8%
storczykowate gołek białawy
8%
storczykowate gółka długoostrogowa
8%
goryczkowate goryczka krótkołodygowa (g. Klusjusa)
8%
goryczkowate goryczka przeźroczysta
8%
goryczkowate goryczka śniegowa
8%
goryczkowate goryczka wiosenna
8%
goryczkowate goryczuszka (goryczka) czeska
8%
goryczkowate goryczuszka (goryczka) lodnikowa
8%
goździkowate goździk lśniący
8%
goździkowate goździk siny
8%
grzybieniowate grążel drobny
8%
motylkowate groszek szerokolistny
8%
jaskrowate jaskier illiryjski
8%
jezierzowate jezierza giętka
8%
jezierzowate jezierza mniejsza
8%
złożone języczka syberyjska
8%
żabieńcowate kaldezja dziewięciornikowata
8%
turzycowate kłóć wiechowata
8%
dymnicowate kokorycz drobna
8%
wiechlinowate koleantus delikatny
8%
liliowate kosatka kielichowa
8%
storczykowate koślaczek stożkowaty
8%
storczykowate kręczynka jesienna
8%
storczykowate kruszczyk siny
8%
krwawnicowate krwawnica wąskolistna
8%
storczykowate kukułka Russowa
8%
storczykowate kukułka Traunsteinera
8%
lnowate len austriacki
8%
sandałowcowate leniec bezpodkwiatkowy
8%
lnowate len złocisty
8%
liliowate lilia bulwkowata
8%
trędownikowate lindernia mułowa
8%
storczykowate listera sercowata
8%
trędownikowate lnica wonna
8%
wrzosowate mącznica lekarska
8%
turzycowate marzyca czarniawa
8%
turzycowate marzyca ruda
8%
storczykowate miodokwiat krzyżowy
8%
turzycowate oczeret sztyletowaty
8%
wiechlinowate ostnica Jana
8%
wiechlinowate ostnica piaskowa
8%
wiechlinowate ostnica powabna
8%
wiechlinowate ostnica włosowata
8%
motylkowate ostrołódka kosmata
8%
motylkowate ostrołódka polna
8%
storczykowate ozorka zielona
8%
liliowate pajęcznica liliowata
8%
narecznicowate paprotnik Brauna
8%
narecznicowate paprotnik kolczysty
8%
narecznicowate paprotnik ostry
8%
jaskrowate pełnik alpejski
8%
jaskrowate pełnik europejski
8%
wiechlinowate perłówka siedmiogrodzka
8%
pierwiosnkowate pierwiosnek (pierwiosnka) omączony
8%
pływaczowate pływacz średni (pływacz pośredni)
8%
pływaczowate pływacz zachodni (pływacz zaniedbany)
8%
nasięźrzałowate podejźrzon marunowy
8%
nasięźrzałowate podejźrzon pojedynczy
8%
nasięźrzałowate podejźrzon rutolistny
8%
nasięźrzałowate podejźrzon wirginijski
8%
turzycowate ponikło kraińskie
8%
turzycowate ponikło wielołodygowe
8%
jaskrowate powojnik prosty
8%
żabiściekowate przesiąkra okółkowa
8%
turzycowate przygiełka brunatna
8%
marzanowate przytulia krakowska
8%
jasnotowate pszczelnik wąskolistny
8%
rdestnicowate rdestniczka (rdestnica) gęsta
8%
gruboszowate rojownik (rojnik) pospolity
8%
gruboszowate rojownik (rojnik) włochaty
8%
rosiczkowate rosiczka owalna
8%
różowate róża francuska
8%
wietlicowate rozrzutka brunatna
8%
jaskrowate sasanka łąkowa
8%
jaskrowate sasanka otwarta (sasanka dzwonkowata)
8%
jaskrowate sasanka słowacka
8%
jaskrowate sasanka wiosenna
8%
baldaszkowate selery (pęczyna) błotne
8%
baldaszkowate selery (pęczyna) węzłobaldachowe
8%
skalnicowate skalnica torfowiskowa
8%
storczykowate storczyca kulista
8%
storczykowate storczyk blady
8%
storczykowate storczyk błotny
8%
storczykowate storczyk cuchnący
8%
storczykowate storczyk kukawka
8%
storczykowate storczyk purpurowy
8%
storczykowate tajęża jednostronna
8%
różowate tawuła średnia
8%
trędownikowate tocja alpejska
8%
jaskrowate tojad lisi
8%
jaskrowate tojad mołdawski
8%
jaskrowate tojad sudecki
8%
jaskrowate tojad wschodniokarpacki
8%
turzycowate turzyca Davalla
8%
turzycowate turzyca torfowa
8%
turzycowate turzyca życicowa
8%
turzycowate turzyca żytowata
8%
widłakowate widłaczek (widłak) torfowy
8%
widłakowate widlicz (widłak) cyprysowy
8%
widłakowate widlicz (widłak) Isslera
8%
widłakowate widlicz (widłak) Zeillera
8%
wiechlinowate wiechlina (wyklina) granitowa
8%
storczykowate wyblin jednolistny
8%
zanokcicowate zanokcica ciemna
8%
babkowate babka pierzasta
0%
babkowate brzeżyca jednokwiatowa
0%
goryczkowate centuria nadbrzeżna
0%
turzycowate cibora Michela
0%
złożone dziewięćsił popłocholistny
0%
dziurawcowate dziurawiec wytworny
0%
dzwonkowate dzwonek boloński
0%
dzwonkowate dzwonek piłkowany (d. lancetowaty)
0%
fiołkowate fiołek mokradłowy
0%
trędownikowate gnidosz okółkowy
0%
goryczkowate goryczka krzyżowa
0%
goryczkowate goryczka wąskolistna
0%
goryczkowate goryczuszka (goryczka) bałtycka
0%
goryczkowate goryczuszka (goryczka) błotna
0%
goryczkowate goryczuszka (goryczka) gorzkawa
0%
goryczkowate goryczuszka (goryczka) polna
0%
goryczkowate goryczuszka (goryczka) Wettsteina
0%
goździkowate goździk kosmaty
0%
goździkowate goździk lodowcowy (g. lodnikowy)
0%
goździkowate goździk okazały
0%
motylkowate groszek wielkoprzylistkowy
0%
goździkowate gwiazdnica grubolistna
0%
pierwiosnkowate jarnik solankowy
0%
wiechlinowate kostrzewa ametystowa
0%
wiechlinowate kostrzewa blada
0%
storczykowate kruszczyk drobnolistny
0%
storczykowate kruszczyk Muellera
0%
storczykowate kruszczyk ostropłatkowy
0%
storczykowate kruszczyk połabski
0%
storczykowate kukuczka kapturkowata
0%
storczykowate kukułka bałtycka
0%
lnowate len włochaty
0%
storczykowate lipiennik Loesela
0%
komosowate łoboda zdobna
0%
jasnotowate macierzanka wczesna
0%
pierwiosnkowate mlecznik nadmorski
0%
złożone mniszek pieniński
0%
goździkowate nadbrzeżyca nadrzeczna
0%
goryczkowate niebielistka (swercja) trwała
0%
szorskolistne niezapominajka wczesna
0%
złożone ożota zwyczajna
0%
różowate pięciornik drobnokwiatowy
0%
różowate pięciornik płonny
0%
różowate pięciornik skalny
0%
różowate pięciornik śląski
0%
pływaczowate pływacz Brema
0%
pływaczowate pływacz krótkoostrogowy (pływacz żółtobiały)
0%
turzycowate ponikło maleńkie
0%
babkowate przetacznik zwodny (p. wiechowaty)
0%
baldaszkowate przewiercień cienki
0%
baldaszkowate przewiercien długolistny
0%
złożone przymiotno węgierskie
0%
marzanowate przytulia stepowa
0%
marzanowate przytulia sudecka
0%
trędownikowate pszeniec grzebieniasty
0%
krzyżowe rukiew drobnolistna
0%
różowate rzepik szczeciniasty
0%
złożone sierpik różnolistny
0%
liliowate śniedek cienkolistny
0%
baldaszkowate starodub łąkowy
0%
storczykowate storczyk drobnokwiatowy
0%
storczykowate storczyk trójzębny
0%
liliowate szafirek miękkolistny
0%
motylkowate szczodrzeniec zmienny
0%
motylkowate szyplin jedwabisty
0%
jaskrowate tojad morawski
0%
jaskrowate tojad taurycki
0%
jaskrowate tojad wiechowaty
0%
turzycowate turzyca Buxbauma
0%
turzycowate turzyca delikatna
0%
turzycowate turzyca patagońska
0%
turzycowate turzyca pchla
0%
turzycowate turzyca rozsunięta
0%
turzycowate turzyca strunowa
0%
gruboszowate uwroć wodna
0%
storczykowate wątlik błotny
0%
turzycowate wełnianka delikatna
0%
złożone wężymord stepowy
0%
jaskrowate włosienicznik (jaskier) Baudota
0%
jaskrowate włosienicznik (jaskier) pędzelkowaty
0%
rozpłochowate włosocień delikatny
0%
zanokcicowate zanokcica klinowata
0%
portulakowate zdrojek błyszczący
0%
szorskolistne żmijowiec czerwony
0%
Nie znaleziono quizów pasujących do podanych kryteriów
Rozkład punktacji
Procent ludzi z każdym wynikiem
Percentyl według liczby udzielonych odpowiedzi
Twoja historia wyników
Nie rozwiązałeś tego quizu